书目信息 |
| 题名: |
Java项目开发教程
|
|
| 作者: | 钟龙怀 , 曹廷荣 , 王新萍 主编 | |
| 分册: | ||
| 出版信息: | 北京 电子工业出版社 2019.08 |
|
| 页数: | 227页 | |
| 开本: | 26cm | |
| 丛书名: | 大数据人才培养校企合作系列教材 | |
| 单 册: | ||
| 中图分类: | TP312.8 | |
| 科图分类: | ||
| 主题词: | JAVA语言--JAVA yu yan--程序设计--高等职业教育--教材 | |
| 电子资源: | ||
| ISBN: | 978-7-121-37239-1 | |
| 000 | 01189nam 2200277 450 | |
| 001 | 202020139714 | |
| 005 | 20200926181346.0 | |
| 010 | @a978-7-121-37239-1@dCNY39.00 | |
| 100 | @a20200917d2019 em y0chiy50 ea | |
| 101 | 0 | @achi |
| 102 | @aCN@b110000 | |
| 105 | @aak z 000yy | |
| 106 | @ar | |
| 200 | 1 | @aJava项目开发教程@AJava xiang mu kai fa jiao cheng@f钟龙怀, 曹廷荣, 王新萍主编 |
| 210 | @a北京@c电子工业出版社@d2019.08 | |
| 215 | @a227页@c图@d26cm | |
| 225 | 2 | @a大数据人才培养校企合作系列教材@Ada shu ju ren cai pei yang xiao qi he zuo xi lie jiao cai |
| 330 | @a本书共有11个单元, 14个项目。以培养学生实际动手能力为中心目标, 以提升学生职业素养为突破点, 以实用技能为核心, 以案例为驱动, 以讲练结合为训练思路, 系统编排项目, 每个项目都分解为不同的任务, 每个任务都按照“任务分析→知识相关点→任务实施→技能拓展”的过程进行组织。 | |
| 410 | 0 | @12001 @a大数据人才培养校企合作系列教材 |
| 606 | 0 | @aJAVA语言@AJAVA yu yan@x程序设计@x高等职业教育@j教材 |
| 690 | @aTP312.8@v5 | |
| 701 | 0 | @a钟龙怀@Azhong long huai@4主编 |
| 701 | 0 | @a曹廷荣@Acao ting rong@4主编 |
| 701 | 0 | @a王新萍@Awang xin ping@4主编 |
| 801 | 0 | @aCN@c20191111 |
| 905 | @a河南城建学院图书馆@dTP312.8@eZ728 | |
| Java项目开发教程/钟龙怀, 曹廷荣, 王新萍主编.-北京:电子工业出版社,2019.08 |
| 227页:图;26cm.-(大数据人才培养校企合作系列教材) |
| ISBN 978-7-121-37239-1:CNY39.00 |
| 本书共有11个单元, 14个项目。以培养学生实际动手能力为中心目标, 以提升学生职业素养为突破点, 以实用技能为核心, 以案例为驱动, 以讲练结合为训练思路, 系统编排项目, 每个项目都分解为不同的任务, 每个任务都按照“任务分析→知识相关点→任务实施→技能拓展”的过程进行组织。 |
| ● |
| 相关链接 |
|
|
|
正题名:Java项目开发教程
索取号:TP312.8/Z728
 
预约/预借
| 序号 | 登录号 | 条形码 | 馆藏地/架位号 | 状态 | 备注 |
| 1 | 1489652 | 214896521 | 自科库301/301自科库 56排6列4层/ [索取号:TP312.8/Z728] | 在馆 | |
| 2 | 1489653 | 214896530 | 自科库301/301自科库 56排6列4层/ [索取号:TP312.8/Z728] | 在馆 |